01386nam a22003257i 4500003000900000005001700009008004100026040004300067041000800110082002300118092000700141099003100148100002400179245007900203264003300282300002900315336002400344337002800368338004300396504005800439546002400497650007000521651001000591856005700601905001600658942001900674999001700693952017500710952017500885EG-GICUC20260121101434.0251206s1952 fr ||||fr|||| 00| 0 fre d aEG-GiCUCbfrecEG-GiCUCdEG-GiCUCeRda afre04221a341.23bDA . D04221 aLaw1 11 341.23 DA . D 19521 aDay, GeorgeeAuteur13aLe droit de veto dans l'Organisation des Nations Unies /cpar Georges Day. 1aParis :bA. Pédone,c1952. aiv, 244 pages ;c 24 cm. 2rda contenua texte 2rda mediasaOrdinateur 2 transporteur rdaa Ressource en ligne aBibliography: pages 239-241. Bibliographic references aTexte en français14aOrganisation des Nations UniesxDroit international public2qrmak1 2qrmak40uhttps://fll.law.cu.edu.eg/fulltext/bks/B11-05091.pdf a75eHassnaa 2ddccBKe21n0 c48662d48662 00102ddc40718القانون الدولي العامaCUbLAW1d2025-12-06l0oLaw1 11 341.23 DA . D 1952 1105091 C1pB11-05091r2025-12-06 15:53:24t1w2025-12-06yBK 00102ddc40708القانون الدولي العامaCUbLAW1d2025-12-06l0oLaw1 11 341.23 DA . D 1952 1105092 C2pB11-05092r2025-12-06 16:42:23t2w2025-12-06yBK